[Event "64th ch-RUS HL w 2014"]
[Site "Vladivostok RUS"]
[Date "2014.06.10"]
[Round "6.2"]
[White "Kovalevskaya,E"]
[Black "Kashlinskaya,A"]
[Result "0-1"]
[WhiteElo "2427"]
[BlackElo "2419"]
[EventDate "2014.06.04"]

1. Nf3 d5 2. c4 d4 3. g3 Nc6 4. Bg2 e5 5. O-O Nf6 6. d3 Bd6 7. Bg5 h6 8. Bxf6
Qxf6 9. Nbd2 Qg6 10. a3 a5 11. c5 Bxc5 12. Rc1 Be7 13. Nc4 Qe6 14. b4 axb4 15.
axb4 Bxb4 16. Rb1 Bd6 17. Rb5 O-O 18. Nfd2 Kh8 19. Ne4 Be7 20. Qb1 f6 21. Ned2
Nd8 22. f4 Bd7 23. f5 Qf7 24. Rb2 Rc8 25. Bxb7 Nxb7 26. Rxb7 Qh5 27. Nb6 cxb6
28. Rxd7 Ba3 29. Qe1 Rc1 30. Qf2 Rc2 31. Nf3 Qxf5 32. Rb7 Qh5 33. Qg2 e4 34.
dxe4 d3 35. g4 Qc5+ 36. Kh1 dxe2 37. Re1 Bb4 38. Nh4 Rc1 39. Ng6+ Kg8 0-1

[Event "64th ch-RUS HL w 2014"]
[Site "Vladivostok RUS"]
[Date "2014.06.10"]
[Round "6.3"]
[White "Gritsayeva,O"]
[Black "Kovanova,B"]
[Result "1/2-1/2"]
[WhiteElo "2340"]
[BlackElo "2406"]
[EventDate "2014.06.04"]

1. e4 e5 2. Nf3 Nc6 3. Bb5 a6 4. Bxc6 dxc6 5. Nc3 Qd6 6. d4 exd4 7. Nxd4 Bd7 8.
Be3 Qg6 9. Qf3 Nf6 10. Qg3 Bd6 11. Qxg6 hxg6 12. Nde2 O-O-O 13. h3 Rde8 14. f3
Nd5 15. Bd4 Nxc3 16. Nxc3 Bg3+ 17. Bf2 Be5 18. O-O-O Bxc3 19. bxc3 Rh5 20. Bd4
f6 21. Kd2 Ra5 22. Ra1 Rd8 23. Kc1 Ra4 24. h4 Rc4 25. Kb2 c5 26. Bf2 Rh8 27.
Rad1 Be6 28. a3 b5 29. Rd3 a5 30. g4 Kb7 31. Rhd1 b4 32. Ra1 f5 33. exf5 gxf5
34. Re1 Bc8 35. g5 g6 36. Re5 Kc6 37. cxb4 axb4 38. Kb3 Ba6 39. Re6+ Kb7 40.
Rxg6 Rcxh4 41. Rd7 Bc4+ 42. Kb2 bxa3+ 43. Kxa3 Ra8+ 44. Kb2 Ra2+ 45. Kc3 Ra3+
46. Kb2 Ra2+ 47. Kc3 Ra3+ 48. Kb2 Ra2+ 49. Kc3 1/2-1/2

[Event "64th ch-RUS HL w 2014"]
[Site "Vladivostok RUS"]
[Date "2014.06.10"]
[Round "6.4"]
[White "Tomnikova,L"]
[Black "Goryachkina,A"]
[Result "1-0"]
[WhiteElo "2172"]
[BlackElo "2432"]
[EventDate "2014.06.04"]

1. e4 c6 2. d4 d5 3. Nc3 dxe4 4. Nxe4 Nf6 5. Nxf6+ exf6 6. c3 Bd6 7. Bd3 O-O 8.
Qc2 Re8+ 9. Ne2 h6 10. O-O Qc7 11. Ng3 Be6 12. c4 Nd7 13. f4 Nf8 14. c5 Be7 15.
f5 Bd5 16. Bf4 Qd7 17. Qf2 Nh7 18. h4 Kh8 19. Rfe1 Rg8 20. b3 Rae8 21. Rad1 Bd8
22. Rxe8 Rxe8 23. Re1 Rg8 24. Be3 g5 25. fxg6 fxg6 26. Bxh6 f5 27. Ne2 Nf6 28.
Bf4 Ng4 29. Qg3 Bf6 30. Bg5 Qd8 31. Qf4 Re8 32. Rf1 Kg7 33. Ng3 Rh8 34. Bxf5
Bxg5 35. hxg5 gxf5 36. Nxf5+ Kg8 37. Qxg4 Be6 38. Qe4 Bxf5 39. Rxf5 Qd7 40. Re5
Kf8 41. Qf4+ Kg8 42. g6 Kg7 43. Qe4 1-0

[Event "64th ch-RUS HL w 2014"]
[Site "Vladivostok RUS"]
[Date "2014.06.10"]
[Round "6.5"]
[White "Bodnaruk,A"]
[Black "Ovod,E"]
[Result "0-1"]
[WhiteElo "2434"]
[BlackElo "2342"]
[EventDate "2014.06.04"]

1. e4 e5 2. Nf3 Nc6 3. Bb5 Nf6 4. O-O Nxe4 5. d4 Nd6 6. Bxc6 dxc6 7. dxe5 Nf5 8.
Qxd8+ Kxd8 9. Nc3 Ke8 10. h3 Be6 11. g4 Ne7 12. Ng5 Bc8 13. f4 h5 14. f5 hxg4
15. hxg4 Rh4 16. Rf4 Nd5 17. Nxd5 cxd5 18. Be3 Be7 19. Nf3 Rh8 20. Rd1 c6 21. c4
dxc4 22. f6 gxf6 23. exf6 Bd8 24. Ng5 Rh4 25. Rxd8+ Kxd8 26. Nxf7+ Kc7 27. g5
Rg4+ 28. Kf2 b5 29. Kf3 Rxf4+ 30. Bxf4+ Kd7 31. g6 Ke6 32. Be5 Kf5 33. Nd8 Kxg6
34. Kf4 Bd7 35. Nb7 Be6 36. Nc5 Bd5 37. Bc3 Re8 38. a3 a5 39. Nd7 Re4+ 40. Kg3
Kf5 41. Kf2 a4 42. Nc5 Re8 43. Nb7 Kg6 44. Nc5 Bf7 45. Nb7 Re6 46. Kf3 Kf5 47.
Nc5 Bh5+ 48. Kg3 Rd6 49. Kf2 Rd5 50. Na6 Ke4 51. Nc7 Rf5+ 52. Kg3 Bf7 53. Na6
Rf3+ 54. Kg2 Rxc3 55. bxc3 Kd3 56. Nb4+ Kxc3 57. Nxc6 Kd2 58. Nd4 c3 59. Nf3+
Kd1 0-1

[Event "64th ch-RUS HL w 2014"]
[Site "Vladivostok RUS"]
[Date "2014.06.10"]
[Round "6.6"]
[White "Matveeva,O"]
[Black "Charochkina,D"]
[Result "0-1"]
[WhiteElo "2223"]
[BlackElo "2377"]
[EventDate "2014.06.04"]

1. d4 Nf6 2. c4 Nc6 3. Nf3 e6 4. Nc3 Bb4 5. e3 O-O 6. Bd3 d6 7. O-O e5 8. Nd5
Ba5 9. a3 Nxd5 10. cxd5 Ne7 11. dxe5 dxe5 12. b4 Bb6 13. Nxe5 Nxd5 14. Bb2 Be6
15. Qh5 f5 16. Rad1 c6 17. Nf3 Qe8 18. Qg5 Qf7 19. Nd4 h6 20. Qg3 f4 21. exf4
Bxd4 22. Bxd4 Nxf4 23. Be5 Bd5 24. Bxf4 Qxf4 25. Qg6 Rf6 26. Qh7+ Kf7 27. Rde1
a5 28. Re3 axb4 29. axb4 Ra1 30. Bb1 Ra8 31. Rg3 Rg8 32. Bg6+ Ke7 33. Re3+ Kd6
34. Rd3 Ra8 35. Qxg7 Qxf2+ 36. Rxf2 Ra1+ 0-1

[Event "64th ch-RUS HL w 2014"]
[Site "Vladivostok RUS"]
[Date "2014.06.10"]
[Round "6.7"]
[White "Guseva,Marina"]
[Black "Schepetkova,M"]
[Result "1-0"]
[WhiteElo "2367"]
[BlackElo "2294"]
[EventDate "2014.06.04"]

1. d4 d5 2. c4 c6 3. Nc3 Nf6 4. e3 a6 5. Nf3 b5 6. b3 Bg4 7. a4 bxc4 8. bxc4
Nbd7 9. Rb1 g6 10. h3 Bf5 11. Bd3 Bxd3 12. Qxd3 Bg7 13. O-O O-O 14. Ba3 Re8 15.
cxd5 cxd5 16. Ne5 Nxe5 17. dxe5 Nd7 18. f4 e6 19. e4 Nb6 20. Bc5 Nd7 21. Bf2 g5
22. exd5 gxf4 23. dxe6 fxe6 24. Rb7 Nf8 25. Qf3 Rb8 26. Bb6 Qh4 27. Bc7 Rxb7 28.
Qxb7 Qe7 29. Qb6 Nd7 30. Qd4 Qc5 31. Qxc5 Nxc5 32. Ne2 Nxa4 33. Nxf4 Nc5 34. Ra1
Bf8 35. Ra5 Rc8 36. Bd6 Bxd6 37. exd6 Rc6 38. Kh2 Nb7 39. Rg5+ Kf7 40. Nh5 Nxd6
41. Rg7+ Kf8 42. Rxh7 Nf7 43. Nf6 Rc2 44. Rh4 Ne5 45. Re4 Kf7 46. Rxe5 Kxf6 47.
Ra5 Rc6 48. g4 e5 49. Kg3 Re6 50. Ra3 Kg6 51. h4 Kf6 52. Kf3 Rb6 53. Ra4 Rc6 54.
Ke4 Re6 55. Ra5 Rb6 56. g5+ Kg6 57. Kxe5 Kh5 58. Ra4 Rb5+ 59. Ke6 a5 60. Rf4
Rb6+ 61. Kf7 Rb7+ 62. Kg8 Ra7 63. Rf7 Ra8+ 64. Kh7 a4 65. g6 a3 66. Rf5+ Kxh4
67. Rf1 a2 68. Ra1 Ra5 69. g7 Rh5+ 70. Kg6 Rg5+ 71. Kf6 Rg2 72. Rh1+ 1-0

[Event "64th ch-RUS HL w 2014"]
[Site "Vladivostok RUS"]
[Date "2014.06.10"]
[Round "6.8"]
[White "Savina,A"]
[Black "Belenkaya,D"]
[Result "1-0"]
[WhiteElo "2397"]
[BlackElo "2235"]
[EventDate "2014.06.04"]

1. d4 d5 2. c4 dxc4 3. Nf3 a6 4. e3 Nf6 5. Bxc4 e6 6. O-O c5 7. dxc5 Qxd1 8.
Rxd1 Bxc5 9. Be2 Nbd7 10. Nd4 Nb6 11. Nb3 Be7 12. f3 e5 13. Nc3 Be6 14. Na5 Rb8
15. a3 Nbd5 16. Nxd5 Nxd5 17. Bc4 Nc7 18. Bxe6 Nxe6 19. b4 b6 20. Nc6 Rc8 21.
Nxe5 Bf6 22. Bb2 Rc2 23. Bd4 Ke7 24. f4 g5 25. Rac1 Nxd4 26. exd4 Rhc8 27. Rxc2
Rxc2 28. Re1 Kf8 29. Nd7+ Kg7 30. Nxf6 Kxf6 31. fxg5+ Kxg5 32. Re7 Ra2 33. Rxf7
h5 34. Rb7 b5 35. Rg7+ Kf4 36. Rg3 Ra1+ 37. Kf2 Ra2+ 38. Kf1 Ra1+ 39. Ke2 Ra2+
40. Kf1 Ra1+ 41. Ke2 Ra2+ 42. Kd3 Rxa3+ 43. Kc2 Ra2+ 44. Kb3 Re2 45. Kc3 Ke4 46.
Rh3 Rxg2 47. Rxh5 Rg1 48. Re5+ Kf4 49. Re2 Kf3 50. Re6 Rc1+ 51. Kd2 Rb1 52. Kc3
Rc1+ 53. Kb2 Rc4 54. Kb3 Rxd4 55. Rxa6 Ke4 56. Rc6 Rd3+ 57. Rc3 Rd2 58. h3 Rh2
59. Rg3 Rh1 60. Rg4+ Kd3 61. Rg3+ Kd4 62. Rg4+ Kd3 63. Rg5 Rb1+ 64. Ka3 Ra1+ 65.
Kb2 Rh1 66. Rc5 Kd4 67. Rc3 Rh2+ 68. Kb3 Rh1 69. Rg3 Rb1+ 70. Kc2 Rh1 71. Rg4+
Ke5 72. h4 Rh2+ 73. Kd3 Rh3+ 74. Kd2 Rh2+ 75. Ke3 Rh3+ 76. Kf2 Kf5 77. Rd4 Ke5
78. Kg2 Rb3 79. Rg4 Rb2+ 80. Kf3 Rb3+ 81. Kf2 Rb2+ 82. Ke3 Rb3+ 83. Ke2 Rh3 84.
Kf2 Kf5 85. Rg5+ Kf6 86. Rh5 Kg6 87. Kg2 Rc3 88. Rxb5 Rb3 89. Kf2 Kf6 90. Ke2
Ke6 91. Kd2 Kd6 92. Kc2 Rh3 93. h5 Kc6 94. Rg5 Kb6 95. b5 Kc7 96. Kd2 Kd7 97. b6
Kc8 98. Rb5 Kb7 99. Ke2 Rg3 100. Kf2 Rc3 101. Kg2 Rc8 102. Kg3 Rc1 103. Kg4 Rg1+
104. Kf5 Rh1 105. Kg6 Rg1+ 106. Kh6 Rd1 107. Kg7 Rd7+ 108. Kf6 Rd6+ 109. Ke7 Rc6
110. Kf7 Rd6 111. Kg7 Rd7+ 112. Kg6 Rd6+ 113. Kg5 Rd1 114. h6 Rd7 115. Kf5 Kc8
116. Rc5+ Kb8 117. Rc7 Rd5+ 118. Ke4 Rd1 119. h7 Re1+ 120. Kf3 Rh1 121. Rg7 Rh6
122. Rg8+ 1-0

[Event "64th ch-RUS HL w 2014"]
[Site "Vladivostok RUS"]
[Date "2014.06.10"]
[Round "6.9"]
[White "Nasybullina,Alfia"]
[Black "Vasilevich,I"]
[Result "1-0"]
[WhiteElo "2095"]
[BlackElo "2338"]
[EventDate "2014.06.04"]

1. d4 Nf6 2. Nf3 e6 3. e3 b6 4. Bd3 Bb7 5. O-O d5 6. b3 Nbd7 7. Bb2 Bd6 8. Nbd2
O-O 9. Re1 Ne4 10. c4 Nxd2 11. Nxd2 dxc4 12. bxc4 e5 13. Be4 Bxe4 14. Nxe4 Bb4
15. Rf1 Re8 16. f3 f5 17. Ng3 f4 18. exf4 exf4 19. Ne4 Nf6 20. Qb3 a5 21. a3
Nxe4 22. fxe4 Bd2 23. Kh1 Be3 24. Qd3 Qe7 25. e5 Rad8 26. Qe4 Rd6 27. Rad1 Rh6
28. Rf3 Qf7 29. d5 g5 30. e6 Qh5 31. h3 g4 32. Rxe3 gxh3 33. g4 fxg3 34. Rxg3+
Rg6 35. Rdg1 1-0

[Event "64th ch-RUS HL w 2014"]
[Site "Vladivostok RUS"]
[Date "2014.06.10"]
[Round "6.10"]
[White "Zaiatz,E"]
[Black "Shaydullina,S"]
[Result "1-0"]
[WhiteElo "2408"]
[BlackElo "2135"]
[EventDate "2014.06.04"]

1. d4 d5 2. Nf3 Nf6 3. e3 c5 4. b3 cxd4 5. exd4 Nc6 6. Bb2 Bg4 7. Be2 e6 8. O-O
Bd6 9. Ne5 Bxe2 10. Qxe2 O-O 11. Nd2 Rc8 12. c4 Bb8 13. Rac1 dxc4 14. Rxc4 Ne7
15. Rfc1 Rxc4 16. bxc4 Qa5 17. a3 Rd8 18. Ndf3 h6 19. Re1 Qa6 20. g4 Nd7 21. Rc1
Nxe5 22. dxe5 Ng6 23. Qe3 Bc7 24. Bd4 Ne7 25. Bc5 Nc6 26. g5 hxg5 27. Qxg5 Rd3
28. Ne1 Nxe5 29. Qe7 Rd7 30. Qf8+ Kh7 31. Rc3 Ng4 32. Rh3+ Nh6 33. Be3 e5 34.
Bxh6 gxh6 35. Rg3 Qg6 36. Rxg6 fxg6 37. Qe8 Rg7 38. Nd3 g5 39. Nb4 Rg8 40. Qe6
h5 41. Qf7+ Rg7 42. Qxh5+ Kg8 43. Nd5 Rf7 44. Qg6+ Kf8 45. Qh6+ Ke8 46. Qh8+ Kd7
47. Qg8 1-0

[Event "64th ch-RUS HL w 2014"]
[Site "Vladivostok RUS"]
[Date "2014.06.10"]
[Round "6.11"]
[White "Averchenko,Ekaterina"]
[Black "Ambartsumova,K"]
[Result "1/2-1/2"]
[WhiteElo "2199"]
[BlackElo "2331"]
[EventDate "2014.06.04"]

1. e4 c5 2. Nf3 e6 3. d4 cxd4 4. Nxd4 a6 5. Bd3 Bc5 6. c3 Ne7 7. O-O d6 8. Be3
O-O 9. Nd2 Nd7 10. N2f3 Ng6 11. Bc2 Qc7 12. Qe2 Nde5 13. Nxe5 dxe5 14. Nf3 Be7
15. a4 Bd7 16. Rfd1 b5 17. Ng5 h6 18. Nf3 Bc6 19. Nd2 Kh7 20. axb5 axb5 21. Nb3
f5 22. Rxa8 Bxa8 23. Qxb5 Rb8 24. Qa6 f4 25. Bc1 Bc6 26. Qe2 Ba4 27. Na1 Bb5 28.
Bd3 Ba4 29. Nc2 Bc5 30. Rf1 Rf8 31. Ne1 Be8 32. b4 Ba7 33. c4 Nh4 34. Qg4 Qe7
35. c5 h5 36. Qd1 Qg5 37. Kh1 Qf6 38. Nf3 Nxf3 39. Qxf3 g5 40. Qe2 g4 41. f3 Qg7
42. Bb2 gxf3 43. Qxf3 Qg5 44. Bc4 Rf6 45. Rd1 h4 46. Be2 Rh6 47. Qf2 Bc6 48. Bd3
h3 49. b5 Bxc5 50. Qf3 Be8 51. g4 fxg3 52. Qxg3 Qh5 53. Re1 Rg6 54. Be2 Qxe2 55.
Rxe2 Rxg3 56. hxg3 Bxb5 57. Re1 Bf2 58. Rc1 Bxg3 59. Rc3 Bf4 60. Rxh3+ Kg6 61.
Kg2 Be2 62. Ra3 Kf6 63. Ra8 Ke7 64. Ba3+ Kf6 65. Rf8+ Kg7 66. Rb8 Kf6 67. Bb2
Bd1 68. Rf8+ Kg6 69. Rc8 Kf6 70. Ba3 Be2 71. Bd6 Bd1 72. Rf8+ Kg7 73. Rc8 Kf6
74. Rc7 Be2 75. Be7+ Kg6 76. Bh4 Kh5 77. Bf2 Kg6 78. Rc6 Bg4 79. Bh4 Kh5 80. Bg3
Kg6 81. Rc8 Bd1 82. Rc7 Be2 83. Re7 Bg4 84. Kf2 Kf6 85. Bh4+ Kg6 86. Re8 Kf7 87.
Rb8 Bd1 88. Rc8 Bg4 89. Bg3 Bd1 90. Rc4 Kf6 91. Bh4+ Kg6 92. Rc6 Bg4 93. Rd6 Kh5
94. Bd8 Kg6 95. Ba5 Kf6 96. Rd8 Ke7 97. Rc8 Bd1 98. Rc7+ Kf6 99. Rc3 Bg4 100.
Rd3 Kg6 101. Bd2 Kf6 102. Rd8 Kf7 103. Bxf4 exf4 104. Ra8 Kf6 105. Ra5 Bd1 106.
Rc5 Bg4 107. Ra5 Bd1 108. Rc5 Bg4 109. Ra5 Bd1 110. Ra1 Bg4 111. Ra5 1/2-1/2

[Event "64th ch-RUS HL w 2014"]
[Site "Vladivostok RUS"]
[Date "2014.06.10"]
[Round "6.12"]
[White "Travkina,A"]
[Black "Khlichkova,T"]
[Result "1-0"]
[WhiteElo "2191"]
[BlackElo "2249"]
[EventDate "2014.06.04"]

1. e4 e6 2. d4 d5 3. Nc3 Bb4 4. exd5 exd5 5. Bd3 Ne7 6. Qh5 c5 7. dxc5 Qa5 8.
Bd2 Nd7 9. Nf3 Nxc5 10. Bb5+ Bd7 11. Bxd7+ Nxd7 12. O-O Nf6 13. Qh4 O-O-O 14. a3
Bxc3 15. Bxc3 Qa6 16. Rad1 Kb8 17. Qg3+ Ka8 18. Qxg7 Ne4 19. Qxf7 Rhe8 20. Bb4
Qg6 21. Qxg6 Nxg6 22. Rfe1 Rg8 23. Bd2 Rdf8 24. Bh6 Rf5 25. c4 Rxf3 26. gxf3
Nh4+ 27. Kf1 Nxf3 28. cxd5 Rg1+ 29. Ke2 Rxe1+ 30. Rxe1 Nxe1 31. Kxe1 b6 32. Bf4
Nf6 33. d6 Kb7 34. Bg5 Nd7 35. f4 Kc6 36. Be7 Kd5 37. Kf2 Ke4 38. Kg3 Kf5 39.
Kf3 b5 40. Ke3 h5 41. b4 a6 42. h4 Nb8 43. Kd4 Kxf4 44. Kc5 Ke5 45. Kb6 Kd5 46.
Kc7 Nc6 47. d7 1-0

[Event "64th ch-RUS HL w 2014"]
[Site "Vladivostok RUS"]
[Date "2014.06.10"]
[Round "6.13"]
[White "Dordzhieva,D"]
[Black "Dogodkina,J"]
[Result "0-1"]
[WhiteElo "2237"]
[BlackElo "2183"]
[EventDate "2014.06.04"]

1. d4 Nf6 2. c4 e6 3. Nc3 Bb4 4. Qc2 d5 5. a3 Be7 6. cxd5 exd5 7. Bg5 O-O 8. e3
Re8 9. Bd3 h6 10. Bf4 Nh5 11. Be5 Nc6 12. Bg3 Nxg3 13. hxg3 Bf8 14. Nge2 Ne7 15.
b4 a6 16. f3 Kh8 17. Kf2 g6 18. g4 Kg8 19. Nf4 Bg7 20. Rh2 a5 21. b5 Qd6 22. g3
c6 23. bxc6 bxc6 24. Na4 Ba6 25. Qc5 Qxc5 26. Nxc5 Bxd3 27. Nfxd3 Rab8 28. Rhh1
Nc8 29. f4 Nd6 30. Kf3 Ne4 31. Rhe1 Bf8 32. a4 Bxc5 33. dxc5 f6 34. Ra3 Nd2+ 35.
Kf2 Re4 36. Re2 Nb1 37. Ra1 Nc3 38. Rc2 Rc4 39. Ke1 Re8 40. Kd2 Ne4+ 41. Kd1
Rxc2 42. Kxc2 Nxg3 43. Rb1 h5 44. g5 fxg5 45. Ne5 h4 46. Ng4 Kf7 47. fxg5 Re4
48. Nh6+ Ke6 49. Rb8 h3 50. Rd8 Rc4+ 51. Kd3 Rxc5 52. Ng4 Kf5 53. Nh2 Kxg5 54.
Nf3+ Kg4 55. Nh2+ Kf5 56. Rh8 Ne4 57. Kd4 0-1

[Event "64th ch-RUS HL w 2014"]
[Site "Vladivostok RUS"]
[Date "2014.06.10"]
[Round "6.14"]
[White "Grigorian,Mar"]
[Black "Chkhan,V"]
[Result "0-1"]
[WhiteElo "2114"]
[BlackElo "2050"]
[EventDate "2014.06.04"]

1. e4 e6 2. d3 d5 3. Qe2 Nf6 4. Nf3 Be7 5. g3 O-O 6. Bg2 c5 7. O-O Nc6 8. e5 Ne8
9. c4 Nc7 10. Nc3 Rb8 11. h4 b5 12. b3 f6 13. Bf4 bxc4 14. bxc4 Nd4 15. Nxd4
cxd4 16. exf6 Bxf6 17. Nb5 Nxb5 18. Bxb8 Nc3 19. Qe1 dxc4 20. Bxa7 Qc7 21. Bxd4
Bxd4 22. dxc4 Qxg3 23. c5 Rf6 0-1

[Event "64th ch-RUS HL w 2014"]
[Site "Vladivostok RUS"]
[Date "2014.06.10"]
[Round "6.15"]
[White "Maltsevskaya,Aleksandra"]
[Black "Mikhailova,L"]
[Result "0-1"]
[WhiteElo "2014"]
[BlackElo "2049"]
[EventDate "2014.06.04"]

1. e4 c5 2. Nf3 e6 3. d4 cxd4 4. Nxd4 Nc6 5. Nc3 Qc7 6. Ndb5 Qb8 7. Nd5 exd5 8.
exd5 a6 9. Nc3 Ne5 10. Qe2 Be7 11. Bf4 d6 12. O-O-O Nf6 13. Bxe5 dxe5 14. g4
Bxg4 15. f3 Bf5 16. Rg1 O-O 17. Qg2 g6 18. d6 Bd8 19. Bc4 b5 20. Bb3 a5 21. Bd5
Ra6 22. Be4 Bxe4 23. fxe4 b4 24. Ne2 Rxd6 25. Ng3 Rxd1+ 26. Rxd1 Qb6 27. Rd3 Ng4
28. Qe2 Bg5+ 29. Kb1 Rd8 30. Rxd8+ Bxd8 31. b3 Qg1+ 32. Kb2 Ne3 33. Qd3 Nd1+ 34.
Kc1 Bg5+ 0-1

[Event "64th ch-RUS HL w 2014"]
[Site "Vladivostok RUS"]
[Date "2014.06.10"]
[Round "6.16"]
[White "Kostitsina,L"]
[Black "Landina,N"]
[Result "1-0"]
[WhiteElo "2101"]
[BlackElo "1937"]
[EventDate "2014.06.04"]

1. e4 c5 2. Nf3 Nc6 3. d4 cxd4 4. Nxd4 g6 5. c4 Bg7 6. Nc2 Nf6 7. Nc3 O-O 8. Be2
d6 9. O-O h5 10. Rb1 h4 11. h3 Nh7 12. Nd5 e6 13. Nc3 Qe7 14. Qd2 Rd8 15. b4 f5
16. Rd1 fxe4 17. b5 Ne5 18. Nxe4 d5 19. Bb2 Nxc4 20. Bxc4 Bd7 21. Ba3 Qf7 22.
Nd6 Qf6 23. Bb3 Rab8 24. Ne3 Bf8 25. Nxd5 exd5 26. Qxd5+ Be6 27. Qxe6+ Qxe6 28.
Bxe6+ Kg7 29. Bb2+ Nf6 30. Ne4 Be7 31. Rbc1 Rxd1+ 32. Rxd1 Rd8 33. Rc1 1-0

[Event "64th ch-RUS HL w 2014"]
[Site "Vladivostok RUS"]
[Date "2014.06.10"]
[Round "6.17"]
[White "Khokhlova,Daria"]
[Black "Solovyova,Anastasia"]
[Result "1-0"]
[WhiteElo "2020"]
[BlackElo "1878"]
[EventDate "2014.06.04"]

1. d4 d5 2. c4 c6 3. Nf3 Nf6 4. g3 dxc4 5. Bg2 g6 6. O-O Bg7 7. Qc2 Nbd7 8. Nbd2
O-O 9. Nxc4 Nb6 10. Nxb6 Qxb6 11. e4 Rd8 12. h3 Qa6 13. Be3 Be6 14. b3 Rac8 15.
Rac1 h6 16. Rfe1 Ne8 17. Kh2 Kh7 18. Bf1 Qa5 19. Bc4 Bxc4 20. bxc4 e6 21. e5 b5
22. h4 bxc4 23. h5 Qa3 24. hxg6+ fxg6 25. Red1 Qe7 26. Kg2 Qf7 27. Rh1 Qf5 28.
Qxf5 exf5 29. Ng5+ Kg8 30. Ne6 Rd5 31. Nxg7 Nxg7 32. Rxh6 Kf7 33. Rxc4 Ra5 34.
a4 Nh5 35. Rh7+ Ke6 36. Rb7 Kd5 37. Rc5+ Rxc5 38. dxc5 Kxe5 39. Re7+ Kd5 40.
Rxa7 Nf6 41. f3 Kc4 42. Bf2 Nd5 43. Rg7 Nc3 44. a5 Na4 45. Rxg6 Nxc5 46. Rg5 Nd3
47. Rxf5 Nxf2 48. Kxf2 c5 49. a6 Kd4 50. Ke2 Kc3 51. a7 c4 52. Ra5 Ra8 53. g4
Kb2 54. Rb5+ Kc2 55. Rb7 c3 56. g5 Kc1 57. g6 c2 58. g7 Re8+ 59. Kf2 Kd2 60.
Rd7+ Kc3 61. Rc7+ Kd3 62. f4 Kd2 63. f5 1-0

[Event "64th ch-RUS HL w 2014"]
[Site "Vladivostok RUS"]
[Date "2014.06.11"]
[Round "7.1"]
[White "Charochkina,D"]
[Black "Girya,O"]
[Result "1/2-1/2"]
[WhiteElo "2377"]
[BlackElo "2479"]
[EventDate "2014.06.04"]

1. e4 c5 2. Nf3 e6 3. d4 cxd4 4. Nxd4 Nc6 5. Nc3 Qc7 6. g3 a6 7. Bg2 Nf6 8. O-O
d6 9. Re1 Rb8 10. Nxc6 bxc6 11. e5 dxe5 12. Rxe5 Bd6 13. Re1 O-O 14. Qe2 c5 15.
b3 Bb7 16. Bxb7 Qxb7 17. Bg5 Be7 18. Rad1 Rfd8 19. Na4 Qc6 20. Nb2 Nd5 21. Rxd5
exd5 22. Bxe7 Re8 23. Qd2 c4 24. Bb4 Rxe1+ 25. Qxe1 h5 26. h4 cxb3 27. cxb3 Rxb4
28. Qxb4 Qc1+ 29. Kg2 Qxb2 30. Qa5 d4 31. Kf3 Qc2 32. Qd8+ Kh7 33. Qxd4 Qxa2 34.
Qd5 Kg8 35. Ke3 g6 36. Qd8+ Kh7 37. Qb6 Qc2 38. b4 Qc3+ 39. Ke4 Qc4+ 40. Ke5 Kg7
41. Kd6 Qd3+ 42. Kc7 Kh7 43. Qc5 Kg7 44. Kb6 Kg8 45. Qc8+ Kg7 46. Qxa6 Qd4+ 47.
Ka5 Qa1+ 48. Kb5 Qe5+ 49. Kc6 Qe6+ 50. Kb7 Qe7+ 51. Kc8 1/2-1/2

[Event "64th ch-RUS HL w 2014"]
[Site "Vladivostok RUS"]
[Date "2014.06.11"]
[Round "7.2"]
[White "Kashlinskaya,A"]
[Black "Gritsayeva,O"]
[Result "1/2-1/2"]
[WhiteElo "2419"]
[BlackElo "2340"]
[EventDate "2014.06.04"]

1. d4 Nf6 2. c4 e6 3. Nc3 Bb4 4. e3 O-O 5. Bd3 d5 6. Nf3 c5 7. O-O Nc6 8. a3
Bxc3 9. bxc3 Qc7 10. Bb2 Rd8 11. Qe2 b6 12. Rad1 dxc4 13. Bxc4 Bb7 14. Ba2 Na5
15. Ne5 Rac8 16. f3 cxd4 17. cxd4 Qc2 18. Rd2 Qa4 19. e4 Nd7 20. Nxd7 Qxd7 21.
f4 Re8 22. Re1 b5 23. Rd3 Nc4 24. Ba1 f5 25. d5 exd5 26. e5 Re6 27. Qf2 a5 28.
Qd4 Qc6 29. Qf2 Rce8 30. Rg3 Rg6 31. Bb1 Rxg3 32. hxg3 Bc8 33. g4 Qg6 34. Qc5
Qxg4 35. Qxd5+ Be6 36. Qxb5 Kf7 37. Ba2 Qxf4 38. Bc3 Re7 39. Qc5 Rd7 40. Bxa5
Nxa5 41. Bxe6+ Kxe6 42. Qxa5 Qd4+ 43. Kh2 Ra7 44. Qb4 Qxb4 45. axb4 Rb7 46. Rb1
Kxe5 47. Kg3 g5 48. Kf3 h5 49. g3 Rb6 50. b5 Kf6 51. Ke3 Ke5 52. Kf3 g4+ 53. Ke3
h4 54. gxh4 f4+ 55. Kf2 Kd5 56. Rb4 Ke5 57. h5 Kf5 58. h6 Rxh6 59. b6 Rh2+ 60.
Kg1 Rh8 61. b7 Rb8 62. Kf2 Kg5 63. Rb6 Kh5 64. Rb1 Kh4 65. Rh1+ Kg5 66. Rb1 Kf5
67. Rb5+ Ke4 68. Rb4+ Ke5 69. Rb5+ Kd6 70. Rb6+ Kc5 71. Rf6 g3+ 72. Kg2 1/2-1/2

[Event "64th ch-RUS HL w 2014"]
[Site "Vladivostok RUS"]
[Date "2014.06.11"]
[Round "7.3"]
[White "Ovod,E"]
[Black "Tomnikova,L"]
[Result "0-1"]
[WhiteElo "2342"]
[BlackElo "2172"]
[EventDate "2014.06.04"]

1. d4 Nf6 2. Nf3 e6 3. c4 d5 4. Nc3 Bb4 5. e3 O-O 6. Bd3 c5 7. O-O Nc6 8. a3
Bxc3 9. bxc3 Qc7 10. h3 dxc4 11. Bxc4 e5 12. Bb2 Bf5 13. Ba2 Rad8 14. Qe2 Bg6
15. Rfd1 Bh5 16. g4 Nxg4 17. hxg4 Bxg4 18. e4 Qd6 19. d5 Qg6 20. Kg2 Rd6 21. Qe3
Qh5 22. Nh4 Bxd1 23. Qg3 Ne7 24. Rxd1 Qxd1 25. Qxe5 Qg4+ 26. Kf1 Rf6 27. Qxe7
Qxh4 28. Qxc5 Qxe4 29. Qd4 Qh1+ 30. Ke2 Re8+ 31. Kd2 Qe1+ 32. Kc2 Qxf2+ 33. Qxf2
Rxf2+ 34. Kb3 Ree2 35. Bc1 Rxa2 36. d6 Kf8 0-1

[Event "64th ch-RUS HL w 2014"]
[Site "Vladivostok RUS"]
[Date "2014.06.11"]
[Round "7.4"]
[White "Pustovoitova,D"]
[Black "Kovalevskaya,E"]
[Result "1/2-1/2"]
[WhiteElo "2336"]
[BlackElo "2427"]
[EventDate "2014.06.04"]

1. d4 Nf6 2. c4 c5 3. d5 b5 4. cxb5 a6 5. bxa6 g6 6. Nc3 Bxa6 7. g3 d6 8. Bg2
Bg7 9. Nf3 Nbd7 10. Rb1 Nb6 11. b3 Bc8 12. Nh4 h6 13. Qc2 Qd7 14. O-O g5 15. Nf3
Nbxd5 16. Nxd5 Nxd5 17. a4 Qf5 18. e4 Qg6 19. Bb2 Nb4 20. Qd2 Ba6 21. Rfe1 Bxb2
22. Qxb2 O-O 23. Re3 e5 24. Nd2 Rad8 25. Bf1 Bxf1 26. Rxf1 f5 27. exf5 Rxf5 28.
a5 d5 29. Qb1 Qf7 30. g4 Rf4 31. Rxe5 Rxg4+ 32. Kh1 Rd4 33. Rf5 Qh7 34. Nf3 Rd3
35. Rf6 Qe7 36. Rg6+ Kh7 37. Re1 Qf8 38. Ne5 Re8 39. Rb6 Rxe5 40. Rxe5 Qf3+ 41.
Kg1 Qg4+ 42. Kf1 Qh3+ 43. Ke1 Qxh2 44. Re7+ Kg8 45. Ra7 Qh1+ 46. Ke2 Qh5+ 47.
Ke1 Qh1+ 48. Ke2 Qf3+ 49. Ke1 Qe4+ 50. Kf1 Qh1+ 1/2-1/2

[Event "64th ch-RUS HL w 2014"]
[Site "Vladivostok RUS"]
[Date "2014.06.11"]
[Round "7.5"]
[White "Kovanova,B"]
[Black "Guseva,Marina"]
[Result "1/2-1/2"]
[WhiteElo "2406"]
[BlackElo "2367"]
[EventDate "2014.06.04"]

1. e4 c6 2. d4 d5 3. Nc3 dxe4 4. Nxe4 Bf5 5. Ng3 Bg6 6. Nf3 Nd7 7. Bd3 e6 8. O-O
Ngf6 9. Bxg6 hxg6 10. Bg5 Qc7 11. Re1 Bd6 12. c4 O-O 13. Ne4 Bf4 14. Qb3 Rab8
15. Rad1 Rfe8 16. Qa3 Nxe4 17. Rxe4 Bxg5 18. Nxg5 Qd8 19. Qe3 Nf6 20. Rh4 Qa5
21. c5 Qxa2 22. Qh3 Kf8 23. Nh7+ Nxh7 24. Rxh7 Qxb2 25. Qh4 f6 26. h3 Qc2 27.
Ra1 Kf7 28. Qg3 Kg8 29. Rh4 Rbd8 30. Rg4 Qb2 31. Rxa7 Rxd4 32. Rxd4 Qxd4 33.
Rxb7 Qxc5 34. Qxg6 Qc1+ 35. Kh2 Qf4+ 36. Kg1 Qc1+ 37. Kh2 Qf4+ 38. Kg1 Qc1+ 1/2-1/2

[Event "64th ch-RUS HL w 2014"]
[Site "Vladivostok RUS"]
[Date "2014.06.11"]
[Round "7.6"]
[White "Goryachkina,A"]
[Black "Savina,A"]
[Result "1-0"]
[WhiteElo "2432"]
[BlackElo "2397"]
[EventDate "2014.06.04"]

1. d4 g6 2. e4 Bg7 3. c4 c5 4. d5 d6 5. h3 e6 6. Nf3 Ne7 7. Bd3 O-O 8. O-O h6 9.
Nc3 a6 10. Bd2 Nd7 11. Rb1 g5 12. Ne2 exd5 13. exd5 f5 14. h4 g4 15. Ne1 Ng6 16.
g3 Nde5 17. Nf4 Nxf4 18. Bxf4 b5 19. b3 Rb8 20. Be2 Bd7 21. Ng2 bxc4 22. bxc4
Qa5 23. Qd2 Qxd2 24. Bxd2 Nf3+ 25. Bxf3 gxf3 26. Nf4 Kf7 27. Ba5 Be5 28. Nd3
Rxb1 29. Rxb1 f4 30. Rb7 Ke7 31. Bd2 fxg3 32. Nxe5 dxe5 33. Be3 gxf2+ 34. Kxf2
Kd6 35. Rb6+ Kc7 36. Rxa6 e4 37. Bxc5 Rg8 38. Ra7+ Kd8 39. Bb6+ Ke7 40. Bc5+ Kd8
41. Ra8+ Bc8 42. Bb6+ Ke7 43. Ke3 Kf6 44. d6 Ke6 45. Bc5 Re8 46. a4 Ke5 47. a5
Rf8 48. d7 f2 49. Bxf8 f1=Q 50. Bg7+ Kd6 51. d8=Q+ 1-0